000 00907nam a2200217 i 4500
001 159067
003 ES-MaACL
005 20230906211433.0
008 990325s1899 sp f |||| | spa d
100 1 _aMarvá y Mayer, José.
_978576
245 1 0 _aNoticia histórica y descriptiva del Laboratorio del Material de Ingenieros [militares] /
_cpor D. José Marvá y Mayer.
260 _aMadrid :
_b[s.n.],
_c1899 (
_fImp. del Memorial de Ingenieros)
300 _a28 p., 18 h. de lám., [5] h. de planos ;
_c26 cm.
530 _aDisponible en formato digital.
597 _aAntep.
599 _aLám.: "Fot. de Hauser y Menet"
650 4 _aIngenieros militares-
_zEspaña.
_9166145
710 2 _aHauser y Menet (Madrid)
_94558
852 _aES-MaACL
_jT-928-F-2
_z- Enc. hol., conservando cub. original
856 _uhttp://bdh-rd.bne.es/viewer.vm?id=0000227288&page=1
_zBiblioteca Digital Hispánica
999 _c159067
_d159067